000 00309nam a2200109Ia 4500
008 230907s9999||||xx |||||||||||||| ||und||
082 _a621.3822
_bHAN
245 0 _aHandbook of signal processing systems /
300 _a2 volumes (xxi, 1399 pages) :
650 _aHandbooks, manuals, etc.
_911475
942 _cBK
999 _c599905
_d599905